Τα λατινικά του Wheelock /

Λεπτομέρειες βιβλιογραφικής εγγραφής
Κύριος συγγραφέας: Wheelock, Frederic M. (συγγραφέας.)
Άλλοι συγγραφείς: LaFleur, Richard A. (άλλη ιδιότητα.), Μιχαλόπουλος, Ανδρέας Ν (μεταφραστής,, επιμελητής.), Παπαιωάννου, Σοφία, 1969- (μεταφράστρια,, επιμελήτρια.)
Μορφή: Βιβλίο
Γλώσσα:Greek
Έκδοση: Αθήνα : Gutenberg, c2020.
Θέματα:
LEADER 02097nam a2200337 i 4500
003 GR-PaULI
005 20220408134940.0
008 210909t2020 gr ||||g |||| 001 0 gre d
952 |0 0  |1 0  |2 ddc  |4 0  |6 478_242000000000000_1_WHE  |7 0  |9 328341  |a LISP  |b LISP  |c BSC  |d 2021-09-09  |i 151605  |l 8  |m 5  |o 478.242 1 WHE  |p 025000280018  |r 2024-03-19 00:00:00  |s 2024-01-29  |t 1  |w 2021-09-09  |y BK15 
952 |0 0  |1 0  |2 ddc  |4 0  |6 478_242000000000000_1_WHE  |7 0  |9 328342  |a LISP  |b LISP  |c BSC  |d 2021-09-09  |i 151606  |l 5  |m 1  |o 478.242 1 WHE  |p 025000280019  |r 2024-03-22 00:00:00  |s 2024-03-01  |t 2  |w 2021-09-09  |y BK15 
952 |0 0  |1 0  |2 ddc  |4 0  |6 478_242000000000000_1_WHE  |7 0  |9 381823  |a LISP  |b LISP  |c BSC  |d 2024-07-10  |i 366689  |l 0  |o 478.242 1 WHE  |p 025000309933  |r 2024-07-10 00:00:00  |t 3  |w 2024-07-10  |y BK15 
999 |c 183954  |d 183954 
020 |a 9789600121162 
040 |a GR-PaULI  |b gre  |c GR-PaULI  |e AACR2 
041 1 |a gre  |h eng 
082 0 4 |2 23  |a 478.242 1 
100 1 |9 187387  |a Wheelock, Frederic M.   |e συγγραφέας.  
245 1 3 |a Τα λατινικά του Wheelock /   |c Frederic M. Wheelock ; αναθεώρηση από τον Richard A. LaFleur ; μετάφραση - επιστημονική επιμέλεια Ανδρέας Ν. Μιχαλόπουλος, Σοφία Παπαϊωάννου.  
260 |a Αθήνα :  |b Gutenberg,   |c c2020.  
300 |a 767 σ. ;  |c 24 εκ.  
500 |a Περιλαμβάνει ευρετήριο.  
500 |a 7η αμερικανική έκδοση.  
650 4 |9 77109  |a Λατινική γλώσσα  |x Γραμματική.  
650 4 |9 187388  |a Λατινική γλώσσα  |x Προβλήματα, ασκήσεις κλπ.  
651 4 |9 10899  |a Ρώμη  |x Πολιτισμός.  
700 1 |9 187389  |a LaFleur, Richard A.   |e άλλη ιδιότητα.  
700 1 |9 106616  |a Μιχαλόπουλος, Ανδρέας Ν  |e μεταφραστής,   |e επιμελητής.  
700 1 |a Παπαιωάννου, Σοφία,   |d 1969-  |e μεταφράστρια,   |e επιμελήτρια.   |9 133270 
765 0 8 |i Μετάφραση του :  |t Wheelock's latin  
942 |2 ddc  |c BK15 
998 |c ΛΟΤΣΑΡΗ  |d 2021-09